Práctica societaria : civiles, comerciales, de ahorro y préstamo /

Guardado en:
Autor Principal: Nieto, Oscar
Formato: Libro
Publicado: Bahía Blanca : Induvio, 2005
Series:Colección Código de Comercio
Materias:
Etiquetas: Agregar Etiqueta
Sin Etiquetas, Sea el primero en etiquetar este registro!
LEADER 01127nam a22002415a 4500
001 CEM.cems013470
005 20110224094832.0
008 130507s2005##################000#0#####d
003 CEMS
020 |a 9872128049 
082 0 4 |a 347.51 
100 1 |a Nieto, Oscar 
245 1 0 |a Práctica societaria :  |b civiles, comerciales, de ahorro y préstamo /  |c Oscar Nieto 
260 |a Bahía Blanca :  |b Induvio,  |c 2005 
300 |a 211 p. + 1 CD-ROM 
490 0 |a Colección Código de Comercio 
500 |a Concordado - Anotado - Jurisprudencia - Legislación - Cuadros sinopticos - Modelos 
505 0 |a Legislación y jurisprudencia por artículo de Nación, Provincia de Buenos Aires y Cámara de apelaciones -- Constitución de una sociedad de ... -- Inspección General de Justicia -- Comisión Nacional de Valores -- Sociedades extranjeras -- Responsabilidad de Directores, Administradores y Gerentes -- Resoluciones técnicas -- Mercosur 
653 |a Derecho 
653 |a Sociedades 
653 |a Ley de sociedades comerciales 
653 |a Sociedades comerciales 
859 |a CEMS  |b BIB. CEMS - 11 de abril  |h 347.51  |i N558  |p 26091.11  |t Ej.1